000 00971nam a2200241Ia 4500
999 _c34455
_d34455
001 204
003 GE_BSU
005 20230623145324.0
008 181216s2005ge xx |||||||||||||| ||geo||
020 _a9994031023
040 _cGE_BSU
041 _ageo
080 _a94(=342.1) ა-30
100 _aავალიანი, ეკა
_916340
245 _aეტრუსკოლოგიის ნარკვევები /
_cეკა ავალიანი, რედ. რისმან გორდეზიანი
264 _aთბილისი :
_bლოგოსი,
_c2005.
300 _a122 გვ.:
_b20 სმ.
653 _aეტრუსკოლოგიის ნარკვევები
653 _aეტრუსკების ისტორია
653 _aეტრუსკოლოგია.
700 _aგორდეზიანი, რისმან
_eრედაქტორი
_918932
942 _cBK
_2udc